<?xml version="1.0" encoding="UTF-8"?>
<record
    xmlns:xsi="http://www.w3.org/2001/XMLSchema-instance"
    xsi:schemaLocation="http://www.loc.gov/MARC21/slim http://www.loc.gov/standards/marcxml/schema/MARC21slim.xsd"
    xmlns="http://www.loc.gov/MARC21/slim">

  <leader>02177nam a2200289Ia 4500</leader>
  <controlfield tag="001">H4821</controlfield>
  <controlfield tag="003">IT-RoPAU</controlfield>
  <controlfield tag="008">130308s9999    xx            000 0 und d</controlfield>
  <datafield tag="040" ind1=" " ind2=" ">
    <subfield code="a">IT-RoPAU</subfield>
  </datafield>
  <datafield tag="040" ind1=" " ind2=" ">
    <subfield code="c">IT-RoPAU</subfield>
  </datafield>
  <datafield tag="041" ind1=" " ind2=" ">
    <subfield code="a">ITALIANO</subfield>
  </datafield>
  <datafield tag="100" ind1=" " ind2=" ">
    <subfield code="a">Petrone Sandro</subfield>
  </datafield>
  <datafield tag="100" ind1=" " ind2=" ">
    <subfield code="g">Codice Aut. SPICS: 54145</subfield>
  </datafield>
  <datafield tag="245" ind1=" " ind2=" ">
    <subfield code="a">Linguaggio delle news (Il). Strumenti e regole del giornalismo televisivo</subfield>
  </datafield>
  <datafield tag="245" ind1=" " ind2=" ">
    <subfield code="b">Linguaggio delle News (Il). Strumenti e regole del Giornalismo Televisivo.</subfield>
  </datafield>
  <datafield tag="250" ind1=" " ind2=" ">
    <subfield code="a">1a ed.</subfield>
  </datafield>
  <datafield tag="260" ind1=" " ind2=" ">
    <subfield code="a">MILANO</subfield>
  </datafield>
  <datafield tag="260" ind1=" " ind2=" ">
    <subfield code="b">Etas Libri</subfield>
  </datafield>
  <datafield tag="260" ind1=" " ind2=" ">
    <subfield code="c">2004 [1&#xB0; Ed.:2004 - Ed.Ling.Originale:2004]</subfield>
  </datafield>
  <datafield tag="300" ind1=" " ind2=" ">
    <subfield code="a">"271 p. (prefazione: 17; testo: 254 [pagine: 0-0])"</subfield>
  </datafield>
  <datafield tag="500" ind1=" " ind2=" ">
    <subfield code="a">"Percorso scenario Attuale e Caso Italiano: Teorema dell'acqua Calda; tv Stampata; Sporcatina; Wall Paper e Talking Heads; Telegrammi; Cappio Politicoe Cappio Professionale; pluralismo o Occupazione?; Moltiplicazione Reclute; furto di Informazioni; Alla Guerra Come Alla Guerra; ritorno al Futuro. Linguaggio, Teorie, Tecniche: Righe contro Secondi; Teorema di Oudini e dei Maghi della Bbc; Teoremi e Pratica; Teorema della Tavolozza. Immagini: immagini fisse e immagini in Movimento; immagini di Cronaca e immagini di Archivio; immagini Grafiche, Cartine Animazioni; Realt&#xE0; Virtuale; Disegni e Tavole. Suoni: Suono Come Sottofondo; per Segnalare; Suono in Primo Piano. Parola: Parola Scritta in Tv; Parola Detta. Intervista: Ignaro Intervistatore;Definizioni e Classificazioni; Preparativi; Colloquio; utilizzazione Risposte; Tecniche della Ripresa. Stand Up, Come Quando, Perche': a che Cosa Serve; Stand Up Registrato. Struttura Servizio Informazione in Televisione: Prologo a 1 Ricetta Energica; Bomba di Bit; Condizioni Particolari; impossibile Story Board; Prompter; Teorema della Pellicola;Scrivere tra Opposti Estremismi. Contenuti: Cosa C'E' in Agenda; Informazione e Notizia; Criteri Peridentificare Notizia; tavola dei 7 Criteri. Fonti: Variet&#xE0; contro Inefficacia; Fonti e copertura Eventi. Costruire Casa dell'Informazione: 7 Regole"</subfield>
  </datafield>
  <datafield tag="650" ind1=" " ind2=" ">
    <subfield code="a">GENERI DI GIORNALISMO</subfield>
  </datafield>
  <datafield tag="650" ind1=" " ind2=" ">
    <subfield code="e">Codice materia Spics: 7060</subfield>
  </datafield>
  <datafield tag="942" ind1=" " ind2=" ">
    <subfield code="c">BK</subfield>
  </datafield>
  <datafield tag="957" ind1=" " ind2=" ">
    <subfield code="7">1</subfield>
  </datafield>
  <datafield tag="999" ind1=" " ind2=" ">
    <subfield code="c">94887</subfield>
    <subfield code="d">94887</subfield>
  </datafield>
  <datafield tag="999" ind1=" " ind2=" ">
    <subfield code="g">1</subfield>
  </datafield>
  <datafield tag="952" ind1=" " ind2=" ">
    <subfield code="0">0</subfield>
    <subfield code="1">0</subfield>
    <subfield code="4">0</subfield>
    <subfield code="6">H_000000000000000_4821</subfield>
    <subfield code="7">1</subfield>
    <subfield code="a">SPICS</subfield>
    <subfield code="b">SPICS</subfield>
    <subfield code="d">2013-03-08</subfield>
    <subfield code="l">0</subfield>
    <subfield code="o">H4821</subfield>
    <subfield code="r">2013-03-08 00:00:00</subfield>
    <subfield code="w">2013-03-08</subfield>
    <subfield code="y">BK</subfield>
    <subfield code="z">Progressivo inserimento:  52742 /  N. Volumi: 1 Copie: 1  / data import: 1 marzo 2013 - By Epidotti, Trombetti, Vaglietti. </subfield>
  </datafield>
</record>
